Pays les plus peuplés d'Afrique - Mort Subite - Statistiques

Statistiques générales
  • Ce quiz a été pris 194 fois
  • Le résultat moyen est 6 sur 15
Answers on the Grid
Answers color-coded by a green-red scale on the quiz's grid according to % correct below.
Nigeria
Algérie
Burkina Faso
Éthiopie
Zambie
Cameroun
Égypte
Congo
Tanzanie
Tunisie
Kenya
Maroc
Niger
Angola
Afrique du Sud
Soudan
Somalie
Mozambique
Ghana
Madagascar
Ouganda
Zimbabwe
Cap-Vert
Libye
Nambie
Sénégal
Côte d'Ivoire
 
Statistiques - réponses
Réponse % Correct
Nigeria
86%
Afrique du Sud
70%
Algérie
66%
Égypte
66%
Éthiopie
65%
Congo
47%
Tanzanie
37%
Kenya
35%
Soudan
35%
Maroc
28%
Ouganda
24%
Angola
18%
Madagascar
14%
Ghana
7%
Mozambique
7%
Aucun quiz correspondant
Distribution des résultats
% des personnes avec chaque résultat
Percentile par nombre de réponses
Votre historique - résultats
Vous n’avez pas pris ce quiz